[Event "Cez Trophy 2014"]
[Site "Prague CZE"]
[Date "2014.06.08"]
[Round "2"]
[White "Nakamura,Hi"]
[Black "Navara,D"]
[Result "1-0"]
[WhiteElo "2775"]
[BlackElo "2724"]

1.d4 Nf6 2.c4 e6 3.Nf3 d5 4.Nc3 c6 5.e3 Nbd7 6.Bd3 dxc4 7.Bxc4 b5 8.Bd3 Bd6
9.O-O O-O 10.Qc2 Bb7 11.a3 Rc8 12.Rd1 c5 13.Bxb5 Bxf3 14.gxf3 cxd4 15.Rxd4 Be5
16.Rd1 Rc5 17.Qe2 Qb8 18.f4 Bxc3 19.Bxd7 Nxd7 20.Rxd7 Bf6 21.b4 Bxa1 22.bxc5 Qc8
23.Qb5 a6 24.Qd3 Qxc5 25.Bd2 a5 26.h3 g6 27.Rb7 Bf6 28.Rb5 Qc6 29.Bxa5 Qf3
30.Qf1 Rc8 31.Rb1 Kg7 32.Bb4 Rc2 33.Qg2 Qe2 34.Qf1 Qh5 35.Qd3 Rc8 36.Kg2 Rd8
37.Qe4 Qe2 38.Rc1 h6 39.a4 Qd3 40.Qxd3 Rxd3 41.a5 Rb3 42.Rc4 Rb2 43.Ba3 Ra2
44.Ra4 Be7 45.a6 Bxa3 46.a7  1-0

[Event "Cez Trophy 2014"]
[Site "Prague CZE"]
[Date "2014.06.09"]
[Round "3"]
[White "Navara,D"]
[Black "Nakamura,Hi"]
[Result "1/2-1/2"]
[WhiteElo "2724"]
[BlackElo "2775"]

1.d4 Nf6 2.c4 g6 3.Nc3 Bg7 4.e4 d6 5.Nf3 O-O 6.h3 e5 7.d5 a5 8.Bg5 Na6 9.Nd2 Qe8
10.Be2 Nd7 11.a3 f6 12.Bh4 Nb6 13.b3 Bh6 14.Rb1 Nc5 15.O-O f5 16.b4 axb4
17.axb4 Nxe4 18.Ndxe4 fxe4 19.c5 dxc5 20.bxc5 Na4 21.Nxa4 Qxa4 22.Be7 Rf7
23.d6 cxd6 24.cxd6 Be6 25.Qxa4 Rxa4 26.Rxb7 Bf8 27.Rfb1 Ra2 28.Bxf8 Kxf8
29.R7b2 Rxb2 30.Rxb2 Ra7 31.Kh2 Ra4 32.Rb5 Rd4 33.Rxe5 Kf7 34.Bg4 Bxg4 35.Re7+ Kf6
36.hxg4 Rxd6 37.Rxe4 Rd5 38.f4 h5 39.Kg3 hxg4 40.Kxg4 Rd2 41.g3 Rd5 42.Ra4 Rb5
43.Kh4 Rh5+ 44.Kg4 Rb5 45.Ra6+ Kf7 46.Rd6 Rc5 47.Kf3 g5 48.Ke4  1/2-1/2

[Event "Cez Trophy 2014"]
[Site "Prague CZE"]
[Date "2014.06.10"]
[Round "4"]
[White "Nakamura,Hi"]
[Black "Navara,D"]
[Result "1-0"]
[WhiteElo "2775"]
[BlackElo "2724"]

1.d4 d5 2.c4 c6 3.Nc3 Nf6 4.e3 e6 5.Nf3 Nbd7 6.Qc2 Bd6 7.Bd3 O-O 8.O-O dxc4
9.Bxc4 c5 10.Rd1 Qe7 11.dxc5 Bxc5 12.a3 a6 13.b4 Ba7 14.Be2 b5 15.a4 bxa4
16.Qxa4 Bb7 17.Ba3 Rfc8 18.Rac1 Nb6 19.Qb3 Qe8 20.Ne5 Nbd5 21.Na4 Bb8 22.Nc4 Bc7
23.Na5 Rcb8 24.Qc2 h6 25.Nxb7 Rxb7 26.Nc5 Rb6 27.e4 Nxb4 28.Bxb4 Rxb4 29.Nxa6 Rxa6
30.Bxa6 Bb6 31.Qe2 Nxe4 32.Rc8 Qxc8 33.Bxc8 Nxf2 34.Rf1 Nh3+ 35.Kh1 Nf2+
36.Rxf2 Bxf2 37.Qc2 Bd4 38.g3 g6 39.Qc7 e5 40.h4 h5 41.Bb7 Rb2 42.Bd5 Rf2
43.Bg2 Kg7 44.Qe7 Re2 45.Kh2 Rf2 46.Kh3 Rf6 47.Be4 Re6 48.Qb7 Rb6 49.Qd7 Rf6
50.Bd5 Rf5 51.Qb7 Rf2 52.Bf3 Rb2 53.Qe7 Rb6 54.Qd8 Rb3 55.Qa8 Rb2 56.Qe4 Rb6
57.g4 hxg4+ 58.Qxg4 Be3 59.h5 Bf4 60.Qg1 Rb2 61.hxg6 f5 62.Qa7+ Kxg6 63.Be2 Rb3+
64.Kg2 Rg3+ 65.Kf1 Be3 66.Qa6+ Kg5 67.Bb5 Bd4 68.Be8 Rf3+ 69.Ke2 Rh3 70.Qg6+ Kf4
71.Bd7 Rh2+ 72.Kd1 Rh1+ 73.Kc2 Rh2+ 74.Kb3 Rb2+ 75.Kc4 Rc2+ 76.Kd3 Rc3+ 77.Kd2 Rg3
78.Qxf5+  1-0

[Event "FIDE World Rapid 2014"]
[Site "Dubai UAE"]
[Date "2014.06.16"]
[Round "1.1"]
[White "Iturrizaga,E"]
[Black "Nakamura,Hi"]
[Result "1-0"]
[WhiteElo "2653"]
[BlackElo "2775"]

1.Nf3 d5 2.c4 c6 3.e3 Nf6 4.Nc3 a6 5.Qc2 g6 6.d4 Bg7 7.b3 dxc4 8.bxc4 c5
9.d5 b5 10.Bb2 O-O 11.cxb5 axb5 12.Bxb5 Na6 13.O-O Nb4 14.Qe2 Nbxd5 15.Rfd1 Nxc3
16.Bxc3 Qc7 17.a4 Bb7 18.Rac1 Rfc8 19.Qc4 Bxf3 20.gxf3 e6 21.Bd4 Nd5 22.Qxc5 Qd8
23.Qa3 Qg5+ 24.Kh1 Qh5 25.Be2 Bf8 26.Rxc8 Rxc8 27.Qb2 Qh4 28.Kg2 Qg5+ 29.Kh1 Qh4
30.Ba6 Bd6 31.Kg2 Qxh2+ 32.Kf1 Rb8 33.Bb5 h5 34.Ke2 Qg2 35.Bh8 Bf8 36.Be5 Ra8
37.Bc6 Ra5 38.Bxd5 exd5 39.Qb6 Qg5 40.Bf4 Qf5 41.Qxa5 Qc2+ 42.Qd2 Qxa4 43.Qxd5 h4
44.Qd7 Qc4+ 45.Qd3 Qe6 46.Bd6 Bg7 47.Qe4 Qa2+ 48.Kf1 Qb3 49.Qd3  1-0

[Event "FIDE World Rapid 2014"]
[Site "Dubai UAE"]
[Date "2014.06.16"]
[Round "4.8"]
[White "Nakamura,Hi"]
[Black "Fressinet,L"]
[Result "1/2-1/2"]
[WhiteElo "2775"]
[BlackElo "2717"]

1.d4 d5 2.Nc3 Nf6 3.Bf4 c5 4.e3 a6 5.dxc5 Nc6 6.a3 e5 7.Bg5 d4 8.exd4 exd4
9.Ne4 Qd5 10.Nxf6+ gxf6 11.Bxf6 Rg8 12.Qf3 Qxc5 13.O-O-O Bh6+ 14.Kb1 Bg4
15.Qe4+ Kf8 16.Qxh7 Bf4 17.Qd3 Rc8 18.g3 Be5 19.f3 Be6 20.Bh4 Bg7 21.Bh3 Ne5
22.Qd2 d3 23.cxd3 f5 24.d4 Qd5 25.Qb4+ Kf7 26.Qe7+ Kg6 27.Qg5+ Kf7 28.Qe7+ Kg6
29.Qg5+  1/2-1/2

[Event "FIDE World Rapid 2014"]
[Site "Dubai UAE"]
[Date "2014.06.16"]
[Round "5.12"]
[White "Potkin,V"]
[Black "Nakamura,Hi"]
[Result "1/2-1/2"]
[WhiteElo "2621"]
[BlackElo "2775"]

1.d4 d5 2.c4 dxc4 3.e4 b5 4.a4 c6 5.Nf3 Bg4 6.Be2 Bxf3 7.Bxf3 e5 8.d5 Nf6
9.O-O a6 10.b3 cxb3 11.Qxb3 b4 12.Bb2 Bd6 13.Nd2 O-O 14.Nc4 Qe7 15.Rad1 cxd5
16.exd5 Nbd7 17.a5 e4 18.Be2 Rab8 19.Qa4 Rfc8 20.Qa1 Ne8 21.Rc1 Bf4 22.Ne3 Nc5
23.Bd4 Nd3 24.Rxc8 Rxc8 25.Qb1 Qc7 26.Bxd3 exd3 27.Qxd3 Bxh2+ 28.Kh1 Bd6
29.Qxa6 Qd8 30.Kg1 Ra8 31.Qb6 Bc7 32.Qxb4 Bxa5 33.Qb2 Bc7 34.Rd1 Qd7 35.Be5 Bxe5
36.Qxe5 Nd6 37.g3 Re8 38.Qc3 Rc8 39.Qe5 Re8 40.Qc3 Qe7 41.Re1 Qd7 42.Qc6 Qd8
43.Rc1 Qf6 44.Nc4 Re2 45.Qa8+ Re8 46.Qc6 Re2 47.Qa8+ Ne8 48.Rf1 h5 49.d6 Qe6
50.Ne3 Rd2 51.Nf5 g6 52.Qa5 Qe2 53.Ne3 Nxd6 54.Qa8+ Kh7 55.Qa7 Qf3 56.Ng2 Re2
57.Re1 Rxe1+ 58.Nxe1 Qd1 59.Qe7 Qd5 60.Ng2 Nf5 61.Qf6 Kg8 62.Nf4 Qd1+ 63.Kg2 Qg4
64.Qd8+ Kg7 65.Qc7 Qd1 66.Ne6+ Kf6 67.Qd8+ Qxd8 68.Nxd8 Nd6 69.Nc6 Ke6 70.Kf3 Nf5
71.Ke4 Kf6 72.Nb4 Nd6+ 73.Kf3 Kf5 74.Nc2 Nc4 75.Nd4+ Ke5 76.Nc6+ Kd5 77.Nb4+ Kd4
78.Nc6+ Kc5 79.Nd8 Ne5+ 80.Ke4 Kd6 81.f4 f5+ 82.Kd4 Nd7 83.Nf7+ Ke7 84.Ng5 Nb6
85.Nf3 Kf6 86.Ng5 Na4 87.Nf3 Nb2 88.Ke3 Nd1+ 89.Ke2 Nc3+ 90.Kf2 Kg7 91.Kg2 Kh6
92.Kh3 Ne4 93.Kg2 Nc5 94.Kh3 Ne6 95.Kh4 Kg7 96.Kh3 Kf7 97.Kg2 Kf6 98.Kh3 Nc7
99.Kg2 Nd5 100.Kf2 Ke6 101.Nh4 Ne7 102.Ke3 Kf6 103.Nf3 Nc8 104.Kf2 Nd6 105.Kg2 Ne4
106.Kh3 Ke6 107.Kg2 Kf6 108.Kh3 Kg7 109.Kg2 h4 110.Nxh4 Kh6 111.Nf3 Kh5 112.Ne5 g5
113.fxg5 Kxg5 114.Nf7+ Kg6 115.Ne5+ Kh5 116.Nf3 Kg4 117.Ne5+ Kh5 118.Nf3 Nf6
119.Nd4 Kg4 120.Nxf5 Kxf5 121.g4+ Kxg4  1/2-1/2

[Event "FIDE World Rapid 2014"]
[Site "Dubai UAE"]
[Date "2014.06.17"]
[Round "6.13"]
[White "Nakamura,Hi"]
[Black "Onischuk,V"]
[Result "1-0"]
[WhiteElo "2775"]
[BlackElo "2594"]

1.d4 d6 2.e4 Nf6 3.Nc3 g6 4.h3 Bg7 5.g4 O-O 6.Bg2 e5 7.Nge2 Nc6 8.Be3 h5
9.d5 Ne7 10.Qd2 hxg4 11.Bh6 g3 12.Nxg3 c6 13.dxc6 bxc6 14.Bxg7 Kxg7 15.O-O-O d5
16.exd5 cxd5 17.Qg5 Qc7 18.Bxd5 Rb8 19.Bb3 Rh8 20.Rhe1 Rxh3 21.Rxe5 Neg8
22.Nb5 Qb6 23.Nd4 Rb7 24.Ndf5+ Bxf5 25.Nxf5+ Kh7 26.Ne3 Qc7 27.Nd5 Nxd5 28.Rexd5 Kg7
29.Rd6 Rf3 30.Qd2 Nf6 31.Qd4 Rb6 32.Rd8 Qf4+ 33.Rd2 Rb7 34.c4 Re7 35.Qxf4 Rxf4
36.R8d4 Ne4 37.Bc2 f5 38.Bxe4 Rexe4 39.Rxe4 Rxe4 40.b3 Kf6 41.Kc2 g5 42.Kc3 g4
43.c5 Ke7 44.b4 Re6 45.b5 f4 46.c6 Re5 47.Kc4 Re1 48.a4 g3 49.fxg3 fxg3 50.Kd5 Kd8
51.a5 Kc7 52.Rc2 Re8 53.Rb2 Rg8 54.b6+ axb6 55.axb6+ Kb8 56.Rg2 Rg5+ 57.Kc4 Kc8
58.Ra2 Rg4+ 59.Kd5 Rg5+ 60.Ke4 Kb8 61.b7 Kc7 62.Ra8 Rb5 63.Rc8+  1-0

[Event "FIDE World Rapid 2014"]
[Site "Dubai UAE"]
[Date "2014.06.17"]
[Round "7.7"]
[White "Nakamura,Hi"]
[Black "Van Wely,L"]
[Result "1-0"]
[WhiteElo "2775"]
[BlackElo "2654"]

1.e4 c5 2.Nf3 e6 3.d4 cxd4 4.Nxd4 a6 5.Nc3 Qc7 6.Be3 Nf6 7.f3 Bb4 8.Qd2 d5
9.Nde2 dxe4 10.a3 Ba5 11.O-O-O Nbd7 12.Bf4 e5 13.Bg5 O-O 14.Ng3 Bxc3 15.bxc3 Qa5
16.Kb2 Nc5 17.Bxf6 Qb6+ 18.Ka1 Qxf6 19.Bc4 Be6 20.Bxe6 Qxe6 21.Qd5 Qb6 22.Nxe4 Rac8
23.Rb1 Qa5 24.Ka2 b6 25.Nd6 Rcd8 26.Qxe5 g6 27.Rhd1 Qa4 28.Rd2 Qc6 29.Rb4 Rd7
30.Rbd4 Qc7 31.Nc4 Qxe5 32.Nxe5 Rc7 33.Rd6 Re8 34.Rc6 Rb7 35.f4 Kg7 36.g4 g5
37.Nc4 Ne4 38.Rd3 gxf4 39.Rf3 b5 40.Nb2 Rd7 41.Nd3 Re6 42.Rxe6 fxe6 43.Nxf4 Kf6
44.h4 a5 45.Re3 Nc5 46.Nd3 Na4 47.g5+ Kf5 48.Kb3 Rc7 49.Re5+ Kg4 50.Rxb5 Nxc3
51.Rxa5 Nd5 52.c4 Ne3 53.Re5 Kf3 54.Rxe6 Nxc4 55.Ne5+ Nxe5 56.Rxe5 Rb7+ 57.Kc4 Rb1
58.Re7 Rc1+ 59.Kb5 Rb1+ 60.Ka5 h5 61.gxh6 Rh1 62.h7 Rxh4 63.a4 Kf4 64.Kb6 Kf5
65.a5 Kf6 66.Rc7 Rb4+ 67.Ka7 Rh4 68.Kb8  1-0

[Event "FIDE World Rapid 2014"]
[Site "Dubai UAE"]
[Date "2014.06.17"]
[Round "8.3"]
[White "Morozevich,A"]
[Black "Nakamura,Hi"]
[Result "0-1"]
[WhiteElo "2731"]
[BlackElo "2775"]

1.e4 c5 2.b3 Nc6 3.Bb2 Nf6 4.e5 Nd5 5.Nf3 g6 6.Bc4 Nb6 7.Bb5 Bg7 8.Bxc6 bxc6
9.O-O c4 10.Re1 O-O 11.d3 cxd3 12.Qxd3 d6 13.c4 dxe5 14.Qxd8 Rxd8 15.Nxe5 Bf5
16.f4 Nd7 17.Na3 Nxe5 18.Bxe5 Bf8 19.h3 h5 20.Nb1 f6 21.Bb2 Kf7 22.Nc3 e6
23.Ne4 Be7 24.Re2 a5 25.Nc3 Rd3 26.Na4 Bb4 27.Rc1 Bd2 28.Rf1 Rad8 29.Bc1 Bb4
30.Be3 Rd1 31.Nb2 Rxf1+ 32.Kxf1 Bb1 33.Na4 Bd3 34.Nb2 Bxe2+ 35.Kxe2 e5 36.fxe5 fxe5
37.Nd3 Ke6 38.Bc1 Bc3 39.Nc5+ Kf5 40.Kf3 e4+ 41.Ke2 Bd4 42.Nb7 Ra8 43.Bd2 Bb6
44.Be3 Bxe3 45.Kxe3 Ke5 46.Nc5 Rd8 47.Nxe4 Rd1 48.Nd2 c5 49.Nf3+ Kf5 50.Nh4+ Kf6
51.Nf3 Ra1 52.a4 Rb1 53.Nd2 Re1+ 54.Kf2 Re8 55.Kf3 Ke5 56.Ke3 Kf5+ 57.Kf3 Rd8
58.Ke3 g5 59.Nf1 Rd1 60.Ke2 Rb1 61.Nd2 Rg1 62.Kf3 g4+ 63.hxg4+ hxg4+ 64.Kf2 Rc1
65.Ke2 Rc3 66.Kd1 Ke5 67.Ke2 Kd4  0-1

[Event "FIDE World Rapid 2014"]
[Site "Dubai UAE"]
[Date "2014.06.17"]
[Round "9.2"]
[White "Nakamura,Hi"]
[Black "Nepomniachtchi,I"]
[Result "1/2-1/2"]
[WhiteElo "2775"]
[BlackElo "2730"]

1.d4 Nf6 2.Nc3 d5 3.Bf4 Bf5 4.f3 e6 5.g4 Bg6 6.h4 h6 7.e3 a6 8.Bd3 Bxd3 9.Qxd3 c5
10.Nce2 Nc6 11.c3 Bd6 12.O-O-O Qe7 13.Bxd6 Qxd6 14.Nh3 O-O-O 15.Kb1 Kb8 16.g5 hxg5
17.hxg5 Nd7 18.g6 f6 19.Nhf4 Ne7 20.Rh7 Rxh7 21.gxh7 Rh8 22.Ng6 Nxg6 23.Qxg6 Qh2
24.Nf4 cxd4 25.cxd4 Qxh7 26.Qxh7 Rxh7 27.Nxe6 g5 28.f4 Rh3 29.Re1 Rg3 30.Kc2 Rg2+
31.Kc3 Nb6 32.Nc5 Rg3 33.fxg5 fxg5 34.Kd3 Kc7 35.b3 Nd7 36.Rf1 Nxc5+ 37.dxc5 Rg2
38.a3 g4 39.Rf6 g3 40.Rg6 Rg1 41.Kc2 g2  1/2-1/2

[Event "FIDE World Rapid 2014"]
[Site "Dubai UAE"]
[Date "2014.06.17"]
[Round "10.2"]
[White "Aronian,L"]
[Black "Nakamura,Hi"]
[Result "1-0"]
[WhiteElo "2815"]
[BlackElo "2775"]

1.d4 d5 2.c4 dxc4 3.e3 e5 4.Bxc4 exd4 5.exd4 Bd6 6.Nf3 Nf6 7.Qe2+ Qe7 8.Qxe7+ Bxe7
9.Nc3 O-O 10.O-O a6 11.Re1 Bd8 12.Bf4 Nbd7 13.Rac1 Nb6 14.Bb3 h6 15.d5 Bf5
16.h3 Re8 17.g4 Rxe1+ 18.Rxe1 Bd7 19.Ne5 Be8 20.h4 a5 21.a4 Nfd7 22.Nxd7 Bxd7
23.g5 hxg5 24.hxg5 Kf8 25.d6 c5 26.Kg2 c4 27.Bc2 Bc6+ 28.f3 Nd7 29.Bf5 Nc5
30.Rh1 Kg8 31.Bh7+ Kf8 32.Bd3 Kg8 33.Bxc4 Ne6 34.Bxe6 fxe6 35.Kg3 Bb6 36.Re1 Bd7
37.Be3 Bd8 38.f4 Rc8 39.Rd1 Kf7 40.Bd4 Rc4 41.Be5 Bb6 42.Rh1 Rc8 43.Rh7 Rg8
44.Nb5 Kg6 45.Rh2 Rc8 46.Nc7 Bc5 47.b3 Bb4 48.Kf3 Bc6+ 49.Ke3 Bc5+ 50.Ke2 Bd7
51.Kd3 Rf8 52.Rc2 Bb6 53.Rh2 Bc5 54.Nb5 Rd8 55.Nd4 Bxd4 56.Kxd4 Rc8 57.Rh3 b5
58.axb5 Bxb5 59.Rc3 Rxc3 60.Kxc3 Kf7 61.Kd4 g6 62.Kc5 Bd7 63.Kb6 Ke8 64.Kxa5 Kd8
65.b4 Kc8 66.Kb6 Be8 67.b5 Bd7 68.Ka6 Kb8 69.b6 Bc8+ 70.b7  1-0

[Event "FIDE World Rapid 2014"]
[Site "Dubai UAE"]
[Date "2014.06.18"]
[Round "11.6"]
[White "Nakamura,Hi"]
[Black "Radjabov,T"]
[Result "0-1"]
[WhiteElo "2775"]
[BlackElo "2724"]

1.d4 Nf6 2.c4 e6 3.Nc3 Bb4 4.f3 d5 5.a3 Bxc3+ 6.bxc3 c5 7.e3 O-O 8.cxd5 Nxd5
9.Bd2 b6 10.e4 Ne7 11.Be3 Qc7 12.Bd3 Ba6 13.Bxa6 Nxa6 14.Ne2 Rfd8 15.O-O Rac8
16.Rc1 Qb7 17.Qe1 Nb8 18.h4 h6 19.Ng3 Nbc6 20.Rd1 cxd4 21.cxd4 Qa6 22.Nh5 Qxa3
23.f4 Qa5 24.Qe2 f5 25.Rf3 fxe4 26.Rg3 Nf5 27.Qg4 Rc7 28.d5 Nxg3 29.Qxe6+ Kh8
30.Nxg3 Qa3 31.Nf5 Ne7 32.d6 Nxf5 33.dxc7 Qxe3+  0-1

[Event "FIDE World Rapid 2014"]
[Site "Dubai UAE"]
[Date "2014.06.18"]
[Round "12.11"]
[White "Efimenko,Z"]
[Black "Nakamura,Hi"]
[Result "1/2-1/2"]
[WhiteElo "2648"]
[BlackElo "2775"]

1.e4 c5 2.Nf3 d6 3.d4 cxd4 4.Nxd4 Nf6 5.Nc3 g6 6.g3 Bg4 7.f3 Bd7 8.Be3 Bg7
9.Qd2 Nc6 10.g4 Rc8 11.h4 Ne5 12.O-O-O Qa5 13.Kb1 Rxc3 14.Qxc3 Qxc3 15.bxc3 Nxf3
16.Nxf3 Bxg4 17.Bb5+ Kf8 18.Nd2 a6 19.Bc4 Bxd1 20.Rxd1 e6 21.Bb3 Ng4 22.Bd4 Ne5
23.Nc4 Ke7 24.Nxe5 Bxe5 25.Bxe5 dxe5 26.Ba4 b5 27.Bb3 Rc8 28.Kb2 f5 29.a4 f4
30.axb5 axb5 31.Ra1 f3 32.Rf1 Rf8 33.c4 bxc4 34.Bxc4 Rf4 35.Bd3 h6 36.Kc3 Rxh4
37.Rxf3 g5 38.Kd2 Rh2+ 39.Be2 g4 40.Rg3 h5 41.Ke3 Rh1 42.Bxg4 hxg4 43.Rxg4 Kd6
44.Rg8 Rh3+ 45.Kd2 Kc5 46.Rd8 Kc4 47.Rd6 Kc5 48.Rd8 Kc6 49.Ke2 Kc5 50.Kd2 Kc4
51.Rd6 Rh2+ 52.Ke3 Kc5 53.Rd8 Kc6 54.Kd3 Rh1 55.Re8 Rd1+ 56.Ke2 Rd6 57.Rc8+ Kd7
58.Rc5 Rd4 59.Rxe5 Kd6 60.Rh5 Rxe4+ 61.Kd3 Rg4 62.Ra5 Rh4 63.c4 Rh1 64.Kd4 e5+
65.Kd3 Rh3+ 66.Ke4 Rh4+ 67.Kd3 Rd4+ 68.Kc3 Ke6 69.Ra8 Rd1 70.Re8+ Kf5 71.c5 e4
72.Kc4 Kf4 73.c6 e3 74.Kc5 Kf3 75.c7 e2 76.Rxe2 Kxe2 77.Kb6 Rc1 78.Kb7 Kd3
79.c8=Q Rxc8 80.Kxc8  1/2-1/2

[Event "FIDE World Rapid 2014"]
[Site "Dubai UAE"]
[Date "2014.06.18"]
[Round "13.11"]
[White "Nakamura,Hi"]
[Black "Kryvoruchko,Y"]
[Result "1-0"]
[WhiteElo "2775"]
[BlackElo "2707"]

1.f4 c5 2.g3 Nc6 3.Bg2 g6 4.d3 Bg7 5.Nf3 e6 6.O-O Nge7 7.e4 O-O 8.c3 d5 9.e5 d4
10.c4 f6 11.exf6 Bxf6 12.Nbd2 b6 13.Ne4 Bg7 14.Qe2 Nf5 15.Ne5 Nxe5 16.fxe5 Rb8
17.Bg5 Qc7 18.Nf6+ Kh8 19.Rae1 Bb7 20.g4 Ne7 21.Bxb7 Qxb7 22.Rf3 Ng8 23.Ref1 h6
24.Rh3 Rf7 25.Qd2 Nxf6 26.exf6 Kg8 27.Bf4 e5 28.Bxe5 Re8 29.Qf4 Qd7 30.Qe4 Qe6
31.Re1 Bxf6 32.Rxh6 Bg7 33.Rxg6 Qd7 34.Rg5 Rfe7 35.Qg6 Rf7 36.Re4 Re6 37.Qxg7+ Rxg7
38.Rxg7+ Qxg7 39.Bxg7  1-0

[Event "FIDE World Rapid 2014"]
[Site "Dubai UAE"]
[Date "2014.06.18"]
[Round "14.7"]
[White "Tomashevsky,E"]
[Black "Nakamura,Hi"]
[Result "1-0"]
[WhiteElo "2695"]
[BlackElo "2775"]

1.d4 Nf6 2.c4 g6 3.Nc3 d6 4.e4 Bg7 5.Nf3 O-O 6.h3 e5 7.d5 a5 8.g4 Na6 9.Be3 Nd7
10.a3 Nb6 11.Rg1 Bd7 12.Nd2 a4 13.g5 f5 14.h4 f4 15.Bxb6 cxb6 16.Qf3 Qc8
17.Nb5 Qc5 18.h5 gxh5 19.Bh3 Be8 20.Be6+ Kh8 21.Rh1 Nc7 22.Nxc7 Qxc7 23.O-O-O b5
24.Rxh5 Bxh5 25.Qxh5 bxc4 26.Rh1 h6 27.Kc2 c3 28.bxc3 Rac8 29.Rh3 f3 30.Bxc8 Qxc8
31.gxh6 Bf6 32.Rxf3 Kh7 33.Rg3 Kh8 34.Qg6 b5 35.Rf3 Qd8 36.Nf1 b4 37.axb4 a3
38.Kb3 a2 39.Kxa2 Qa8+ 40.Kb2 Qa6 41.Ng3 Qc4 42.Rxf6 Qxc3+ 43.Kxc3 Rc8+ 44.Kb3 Rc3+
45.Ka4 Ra3+ 46.Kb5 Ra5+ 47.Kc6 Ra6+ 48.Kd7 Ra7+ 49.Ke6 Re7+ 50.Kf5  1-0

[Event "FIDE World Rapid 2014"]
[Site "Dubai UAE"]
[Date "2014.06.18"]
[Round "15.12"]
[White "Nakamura,Hi"]
[Black "Fedoseev,Vl3"]
[Result "1/2-1/2"]
[WhiteElo "2775"]
[BlackElo "2662"]

1.f4 d5 2.Nf3 c5 3.g3 Nc6 4.Bg2 g6 5.d3 Bg7 6.O-O Nf6 7.Qe1 Qb6 8.Kh1 Nd4
9.Na3 Nxf3 10.Rxf3 h5 11.h3 Bf5 12.c4 d4 13.Rf1 O-O 14.Rb1 a5 15.Qf2 Rfe8
16.Nb5 Bd7 17.e4 Bxb5 18.cxb5 Qxb5 19.Qf3 e5 20.fxe5 Rxe5 21.Bf4 Nd7 22.b3 Qa6
23.a4 Re7 24.Qe2 Ne5 25.Rfd1 b6 26.Qc2 Rae8 27.Rd2 Qb7 28.Rf1 Re6 29.Rdd1 Qe7
30.Qd2 Nc6 31.Qf2 Be5 32.h4 f6 33.Bh3 Rd6 34.Rg1 g5 35.Bf5 Kg7 36.Qe2 Rh8
37.Bd2 g4 38.Kg2 Rdd8 39.Rgf1 Qf7 40.Rb1 Rb8 41.Qd1 Qc7 42.Be1 Qd6 43.Qc2 Ne7
44.Qc4 Qc6 45.Qb5 Qxb5 46.axb5 Kf7 47.Bd2 Ra8 48.Ra1 Ra7 49.Ra4 Rd8 50.Bc1 Rd6
51.Bd2 Rd8 52.Bc1 Nxf5 53.Rxf5 Kg6 54.Bf4 Re7 55.Ra2 Bxf4 56.gxf4 Ra7 57.Ra4 Rdd7
58.Kg3 Rd8 59.Ra2 Re7 60.Ra4 Ree8 61.Ra2 Rh8 62.Ra4 Rhe8 63.Ra2 Ra8 64.Rd5 Red8
65.Rf5 Rd7 66.Ra4 Rd6 67.Kg2 Re8 68.Kg3 Re7 69.Kg2 Rdd7 70.Kg3 Rh7 71.Ra2 Kf7
72.Ra4 Ke6 73.Ra2 Rd8 74.Ra4 Rdd7 75.Ra2 Rd6 76.Ra4 Rd8 77.Ra2 Rdd7 78.Kg2 Rd8
79.Ra4 g3 80.Ra1 Rg8 81.Rd5  1/2-1/2

[Event "FIDE World Blitz 2014"]
[Site "Dubai UAE"]
[Date "2014.06.19"]
[Round "1.1"]
[White "Nakamura,Hi"]
[Black "Goloshchapov,A"]
[Result "1-0"]
[WhiteElo "2775"]
[BlackElo "2586"]

1.e4 e6 2.d3 c5 3.g3 Nc6 4.Bg2 g6 5.f4 Bg7 6.Nf3 d6 7.O-O Nge7 8.c3 O-O 9.Be3 b6
10.Qe2 Bb7 11.Bf2 Qd7 12.Nbd2 f5 13.Rfe1 Rae8 14.d4 cxd4 15.cxd4 fxe4 16.Nxe4 Nf5
17.Rad1 d5 18.Nc3 Kh8 19.Qd2 Bf6 20.h4 h5 21.Bh3 a6 22.Ne5 Nxe5 23.dxe5 Bd8
24.Ne2 a5 25.Nd4 Ba6 26.Rc1 Be7 27.a3 Rc8 28.Nxf5 gxf5 29.Bxb6 Qb5 30.Bd4 Bc5
31.Bf1 Qb6 32.Rxc5 Rxc5 33.Bxa6  1-0

[Event "FIDE World Blitz 2014"]
[Site "Dubai UAE"]
[Date "2014.06.19"]
[Round "2.1"]
[White "Wang Hao"]
[Black "Nakamura,Hi"]
[Result "0-1"]
[WhiteElo "2729"]
[BlackElo "2775"]

1.d4 Nf6 2.c4 g6 3.Nc3 Bg7 4.e4 d6 5.Nf3 O-O 6.h3 e5 7.d5 a5 8.Be3 Na6 9.g4 Nd7
10.h4 Ndc5 11.Nd2 Nb4 12.Bxc5 dxc5 13.a3 Na6 14.Bd3 Qf6 15.g5 Qe7 16.Qf3 f6
17.Qg3 c6 18.Nf3 Nc7 19.O-O-O Ne8 20.Be2 Nd6 21.Kb1 Bd7 22.h5 fxg5 23.Nxg5 h6
24.Nf3 g5 25.Nh2 Rf4 26.Bg4 Bxg4 27.Nxg4 Nxc4 28.Ne3 Nd6 29.f3 Raf8 30.Rhf1 c4
31.Qh3 R4f6 32.Ng4 R6f7 33.Ne3 c5 34.a4 Qd7 35.Qxd7 Rxd7 36.Nb5 Nxb5 37.axb5 Rf4
38.Nxc4 g4 39.fxg4 Rxe4 40.Nb6 Rd8 41.d6 Rd4 42.d7 e4 43.Rde1 Rb4 44.Ka2 Rxb2+
45.Ka3 Rxb5 46.Nc4 Rxd7 47.Rxe4 Rd3+ 48.Ka2 Rb4 49.Re8+ Kh7 50.Rf4 Rc3 51.Re7 Ra4+
52.Kb1 Rcxc4  0-1

[Event "FIDE World Blitz 2014"]
[Site "Dubai UAE"]
[Date "2014.06.19"]
[Round "3.1"]
[White "Nakamura,Hi"]
[Black "Savchenko,B"]
[Result "1-0"]
[WhiteElo "2775"]
[BlackElo "2581"]

1.e4 e6 2.Qe2 Nc6 3.Nf3 Nf6 4.d4 d5 5.e5 Ne4 6.Nbd2 f5 7.exf6 Nxf6 8.g3 Bd6
9.c3 O-O 10.Ne5 Nd7 11.f4 Ndxe5 12.dxe5 Bc5 13.Nb3 Bb6 14.Be3 Ne7 15.Bh3 Nf5
16.Bxf5 Rxf5 17.O-O-O Qe7 18.Kb1 Bd7 19.Rhe1 Rf7 20.c4 Bxe3 21.Qxe3 dxc4
22.Nd2 b5 23.Nf3 Bc6 24.Nd4 Qe8 25.g4 Bd5 26.Ne2 b4 27.f5 c3 28.b3 a5 29.Rxd5 exd5
30.e6 Rf6 31.Qc5 a4 32.Nd4 axb3 33.axb3 h6 34.h4 Qf8 35.e7 Qf7 36.Qb5 Re8
37.Qd7 Kh7 38.g5 hxg5 39.hxg5 Rd6 40.g6+ Rxg6 41.fxg6+ Qxg6+ 42.Qf5 Qxf5+
43.Nxf5 Kg6 44.Nd4 Kf6 45.Nc6 g5 46.Nxb4 d4 47.Kc2 Kf7 48.Nc6 g4 49.Kd3 g3
50.Kxd4 g2 51.Kxc3 Rg8 52.Rg1 Ke8 53.b4 Rg5 54.Kc4 Rg4+ 55.Kd5 Rg5+ 56.Kc4 Rg4+
57.Kb5 Rg6 58.Kc5 Rg5+ 59.Kd4 Rg4+ 60.Ke5 Rg6 61.b5 Rg5+ 62.Ke6 Rg6+ 63.Kf5 Rg3
64.Rd1 Kf7 65.Rd8 Rg5+ 66.Kf4 Rg4+ 67.Kf3 Rg3+ 68.Kf4 Rg4+ 69.Ke5 Rg5+ 70.Ke4 Rg4+
71.Kd3 Rg3+ 72.Kd2 Re3 73.Rf8+ Kg7 74.Kxe3 g1=Q+ 75.Rf2 Qg3+ 76.Rf3 Qe1+
77.Kf4 Qh4+ 78.Ke5 Qg5+ 79.Ke4 Qg4+ 80.Ke3 Qe6+ 81.Kd4 Qd6+ 82.Kc4 Qe6+ 83.Kb4 Qe4+
84.Ka5 Qxf3 85.e8=N+ Kf8 86.Nxc7 Qa3+ 87.Kb6  1-0

[Event "FIDE World Blitz 2014"]
[Site "Dubai UAE"]
[Date "2014.06.19"]
[Round "4.1"]
[White "Wojtaszek,R"]
[Black "Nakamura,Hi"]
[Result "1/2-1/2"]
[WhiteElo "2715"]
[BlackElo "2775"]

1.d4 d5 2.c4 dxc4 3.e4 b5 4.Nc3 a6 5.a4 c6 6.axb5 cxb5 7.Nxb5 axb5 8.Rxa8 Bb7
9.Ra1 e6 10.Nf3 Bxe4 11.Be2 Nf6 12.O-O Nc6 13.b3 Be7 14.bxc4 bxc4 15.Bxc4 O-O
16.Ng5 Nxd4 17.Be3 Nf5 18.Qxd8 Rxd8 19.Nxe4 Nxe4 20.Bb6 Rb8 21.Ba7 Rc8 22.Bd3 Nf6
23.Rfc1 Rd8 24.Bxf5 exf5 25.Bb6 Rb8 26.Bc7 Rc8 27.Be5 Re8 28.Re1 Bb4 29.Reb1 Rxe5
30.Rxb4 Kf8 31.g3 g6 32.Ra8+ Re8 33.Ra7 Nd5 34.Rd4 Nf6 35.Rc4 Kg7 36.Rcc7 Rf8
37.Rcb7 Nd5 38.Kg2 Nf6 39.Kf3 Ng4 40.h3 Nf6 41.Rb5 h5 42.Rba5 Rd8 43.Rb7 Rd3+
44.Ke2 Rd8 45.Raa7 Re8+ 46.Kf3 Rf8 47.Re7 Nd5 48.Red7 Nf6 49.Rdb7 Nd5 50.Rd7  1/2-1/2

[Event "FIDE World Blitz 2014"]
[Site "Dubai UAE"]
[Date "2014.06.19"]
[Round "5.2"]
[White "Nakamura,Hi"]
[Black "Lu Shanglei"]
[Result "1-0"]
[WhiteElo "2775"]
[BlackElo "2546"]

1.Nf3 d5 2.b3 Bg4 3.Ne5 Bf5 4.Bb2 Nd7 5.Nf3 Ngf6 6.g3 e6 7.Bg2 h6 8.d3 Bd6
9.O-O O-O 10.Nbd2 Bh7 11.Re1 e5 12.e4 dxe4 13.dxe4 Qe7 14.a3 Rad8 15.Qe2 a6
16.Nh4 Bc5 17.Nf5 Qe6 18.Bh3 Qc6 19.b4 Bxf5 20.exf5 Bb6 21.c4 Bd4 22.Bg2 Qb6
23.c5 Qa7 24.Bxd4 exd4 25.Qc4 b6 26.Nb3 bxc5 27.bxc5 Rfe8 28.Rxe8+ Rxe8 29.Qxd4 Rb8
30.Qc3 Re8 31.Rd1 Qb8 32.c6 Nb6 33.Nc5 Qc8 34.Qd3 a5 35.h3 Re5 36.Nd7 Nbxd7
37.cxd7 Qd8 38.Bc6 Rc5 39.Qa6 Kh7 40.Qa8 Qxa8 41.Bxa8 Nxd7 42.Rxd7  1-0

[Event "FIDE World Blitz 2014"]
[Site "Dubai UAE"]
[Date "2014.06.19"]
[Round "6.2"]
[White "Le Quang Liem"]
[Black "Nakamura,Hi"]
[Result "1-0"]
[WhiteElo "2712"]
[BlackElo "2775"]

1.d4 Nf6 2.Bg5 c5 3.d5 d6 4.Nc3 g6 5.e4 Bg7 6.Bb5+ Nfd7 7.a4 O-O 8.Nf3 Na6
9.O-O Nc7 10.Re1 Nxb5 11.axb5 a6 12.Qd2 Re8 13.h3 Nb6 14.bxa6 bxa6 15.Bh6 Bh8
16.Qe2 a5 17.e5 Ba6 18.Qe4 e6 19.Bg5 Qd7 20.Qf4 Nxd5 21.Nxd5 exd5 22.exd6 Bxb2
23.Rxa5 Rxe1+ 24.Nxe1 Bc3 25.Bf6 Bxf6 26.Qxf6 Bb7 27.Rxa8+ Bxa8 28.Nd3 Bc6
29.Ne5 Qe8 30.Nxc6 Qxc6 31.Qe7  1-0

[Event "FIDE World Blitz 2014"]
[Site "Dubai UAE"]
[Date "2014.06.19"]
[Round "7.4"]
[White "Nakamura,Hi"]
[Black "Polgar,Ju"]
[Result "1-0"]
[WhiteElo "2775"]
[BlackElo "2685"]

1.d4 Nf6 2.Bg5 Ne4 3.Bf4 d5 4.e3 c5 5.Bd3 Nc6 6.Bxe4 dxe4 7.d5 Nb4 8.Nc3 e6
9.d6 g5 10.Be5 f6 11.Qh5+ Kd7 12.Qf7+ Kc6 13.Bxf6 Nxc2+ 14.Kd2 Qxd6+ 15.Kxc2 Qd3+
16.Kc1 Qf1+ 17.Nd1 Qc4+ 18.Bc3 Bd6 19.b3 Qf1 20.Bxh8 Bd7 21.Nf3 Qxg2 22.Rg1 Qxf3
23.Qxf3 exf3 24.Bc3 Rg8 25.Nb2 h5 26.h3 b5 27.Nd3 Kd5 28.Rd1 Ke4 29.Nxc5+ Bxc5
30.Rxd7 g4 31.hxg4 hxg4 32.Bd4 Ba3+ 33.Kd2 Bb4+ 34.Bc3 Bc5 35.b4 Bb6 36.Rh1 Rg5
37.Rh6 e5 38.Rf7 Kd5 39.Kd3 e4+ 40.Kc2  1-0

[Event "FIDE World Blitz 2014"]
[Site "Dubai UAE"]
[Date "2014.06.19"]
[Round "8.2"]
[White "Nepomniachtchi,I"]
[Black "Nakamura,Hi"]
[Result "0-1"]
[WhiteElo "2730"]
[BlackElo "2775"]

1.e4 e6 2.d4 d5 3.Nc3 Nf6 4.e5 Nfd7 5.f4 c5 6.Nf3 Nc6 7.Be3 Rb8 8.Qd2 a6
9.Be2 b5 10.Nd1 f5 11.exf6 Nxf6 12.Nf2 c4 13.O-O Bd6 14.Ne5 Ne7 15.g4 O-O
16.c3 b4 17.Bd1 a5 18.Bc2 Qe8 19.Rae1 a4 20.h3 Ba6 21.Qd1 a3 22.bxa3 bxc3
23.g5 Nh5 24.Bxh7+ Kxh7 25.g6+ Kg8 26.Qxh5 Rf5 27.Qh7+ Kf8 28.Nfg4 Ng8 29.Bf2 c2
30.Ne3 c3 31.Nxf5 exf5 32.Nc4 Qd7 33.Nxd6 Bxf1 34.Kxf1 Rb1 35.Be3 Qxd6 36.a4 Rxe1+
37.Kxe1 Qe6 38.Kf2 Qxe3+ 39.Kxe3 c1=Q+ 40.Kf3 Qd1+  0-1